000 01492nam a2200373 c 4500
003 BLK
005 20250716093353.0
008 180411b bul|||||r ||||||| ||bul||
010 _aKNG00201782000
020 _a978-619-157-187-1
_bиздат.: Ибис
040 _aBLK
041 _aBUL
_cBUL
072 7 _2bullib
_aН8300
_xРомантична проза Н
080 _aАмериканска литература (на САЩ)
_b821.111(73)
_x-31
_z821.111(73)-31
100 1 _aФилипс, Сюзън Елизабет
_eпърви автор
_9245843
700 1 _aКутева, Диана Янакиева
_d1955 -
_985939
139 _aФилипс, Сюзън Елизабет
_bФ 50
245 1 0 _aГероите са моята слабост
_bРоман
_cСюзън Елизабет Филипс; прев. Диана Янакиева Кутева.
257 _aUSA
260 София
_bИбис
_c2017
300 _a352 с.
_c21 см
380 _aX
490 1 _aКолекция Избрани съвременни любовни романи
500 _aОриг. загл. Heroes Are My Weakness / Susan Elizabeth Phillips.
653 _aромантична проза
653 _aромани
659 _aН
852 _aЦб 284480
856 4 _qpdf
_u
856 4 _qpdf
_u
942 _cKNG
_n0
_0103
944 _aCR
_c24.02.2017
_lЦветомила Тодорова
_k30576
944 _aED
_c10.10.2017
_lф /
_kПенка_Димитрова
999 _c192587
_d192587